The Central American struggle for amnesty and residency: Nicaraguan, Salvadoran and Guatemalan cases /
Wedi'i Gadw mewn:
| Prif Awdur: | |
|---|---|
| Fformat: | Texto |
| Pynciau: | |
| Tagiau: |
Ychwanegu Tag
Dim Tagiau, Byddwch y cyntaf i dagio'r cofnod hwn!
|
MARC
| LEADER | 00000 a a2200000 04500 | ||
|---|---|---|---|
| 001 | 4971 | ||
| 003 | |||
| 040 | |||
| 100 | |a Torres, Verónica | ||
| 245 | |a The Central American struggle for amnesty and residency: |b Nicaraguan, Salvadoran and Guatemalan cases / |c Verónica Torres | ||
| 650 | |a ASILO POLITICO | ||
| 650 | |a POLITICA MIGRATORIA | ||
| 650 | |a INMIGRACION | ||
| 650 | |a MIGRACION INTERNACIONAL | ||
| 650 | |a AMERICA CENTRAL | ||
| 773 | |g número 8 Spring; páginas 22-31 | ||
| 999 | |c 37134 |d 37134 | ||
